000 00944nas a2200277 4500
001 BR2014002215
003 BR-BrBNA
005 20231205123900.0
007 ta
008 230509b bl.|||p| |||| 00| 00por d
040 _aBR-BrBNA
_bpor
_cBiblioteca Nacional de Agricultura
041 _a(Pt)
072 _aP33; F07
100 1 _aWatanabe, R.T.
100 1 _aFioretto, R.A.
100 1 _aHermann, E.R.
245 1 _aPropriedades químicas do solo e produtividade da cana-de-açúcar em função da adição da palhada de colheita, calcário e vinhaça em superfície (sem mobilização)
650 _aCANA DE AÇÚCAR
650 _aPROPRIEDADE FISICO-QUÍMICA
650 _aCALAGEM
650 _aNUTRIENTE
650 _aCOBERTURA DO SOLO
773 0 _tSemina. Ciências Agrárias (Brazil)
_xISSN 1676-546X
_g(Apr-Jun 2004), v. 25(2) p. 93-100
_wBR2014002215
909 _a202311
_bLúcia
_c55
_dLúcia Elande
942 _2AGRIS
_n0
_cANA
999 _c236182
_d236182